| 000 | 00620cam a22002291 4500 | ||
|---|---|---|---|
| 001 | sa 64002681 | ||
| 003 | DLC | ||
| 005 | 20260227112011.0 | ||
| 008 | 870817s1963 pk b 000 0 eng | ||
| 010 | _asa 64002681 | ||
| 025 | _aPL480:P-E-407 | ||
| 035 | _a(OCoLC)16500692 | ||
| 040 |
_aDLC _cWaU _dWaU _dDLC |
||
| 042 | _apremarc | ||
| 050 | 0 | 0 |
_aJK31 _b.Z3 |
| 100 | 1 | _aZakaria, Nasim. | |
| 245 | 1 | 0 | _aAmerican system of government. |
| 260 |
_aLahore, _bPremier Book House _c[1963] |
||
| 300 |
_aiv, 209 p. _c20 cm. |
||
| 504 | _aBibliography: p. [199]-201. | ||
| 651 | 0 |
_aUnited States _xPolitics and government. |
|
| 999 |
_c57456 _d57456 |
||